000 00293nam a22001337a 4500
020 _a0393056430
082 _a332.6 SOB
100 _aSobel,Robert
245 _aInside wall street
260 _alondon
_bNorton W. W.
_c1977
300 _a288p.
_b21cm.
500 _aInclude Index
942 _cBK
999 _c15321
_d15321